Профессиональные риски при работе ручным инструментом; Инновационные технологии в машиностроении
| Parent link: | Инновационные технологии в машиностроении.— 2021.— [С. 150-152] |
|---|---|
| Hlavní autor: | |
| Korporativní autor: | |
| Další autoři: | |
| Shrnutí: | Заглавие с экрана В статье приводится анализ профессиональных рисков при осуществлении работ с помощью ручного инструмента, что актуально для практически любой профессиональной деятельности. Выделена нормативная база оценки профессиональных рисков, приведены алгоритмы оценки рисков и выявления мер управления рисками. The article provides an analysis of professional risks when performing work with a hand tool, which is relevant for almost any professional activity. The regulatory framework for professional risk assessment is highlighted, and algorithms for risk assessment and identification of risk management measures are presented. |
| Jazyk: | ruština |
| Vydáno: |
2021
|
| Edice: | Промышленная безопасность |
| Témata: | |
| On-line přístup: | http://earchive.tpu.ru/handle/11683/67846 |
| Médium: | MixedMaterials Elektronický zdroj Kapitola |
| KOHA link: | https://koha.lib.tpu.ru/cgi-bin/koha/opac-detail.pl?biblionumber=633127 |
MARC
| LEADER | 00000naa2a2200000 4500 | ||
|---|---|---|---|
| 001 | 633127 | ||
| 005 | 20231102024637.0 | ||
| 035 | |a (RuTPU)RU\TPU\conf\34875 | ||
| 035 | |a RU\TPU\conf\34873 | ||
| 090 | |a 633127 | ||
| 100 | |a 20210629d2021 k y0rusy50 ca | ||
| 101 | 0 | |a rus |d eng | |
| 102 | |a RU | ||
| 105 | |a y z 101zy | ||
| 135 | |a drgn ---uucaa | ||
| 181 | 0 | |a i | |
| 182 | 0 | |a b | |
| 200 | 1 | |a Профессиональные риски при работе ручным инструментом |f Л. Г. Деменкова, В. О. Кучумов | |
| 203 | |a Текст |c электронный | ||
| 225 | 1 | |a Промышленная безопасность | |
| 230 | |a 1 компьютерный файл (pdf; 175 Kb) | ||
| 300 | |a Заглавие с экрана | ||
| 320 | |a [Библиогр.: с. 152 (4 назв.)] | ||
| 330 | |a В статье приводится анализ профессиональных рисков при осуществлении работ с помощью ручного инструмента, что актуально для практически любой профессиональной деятельности. Выделена нормативная база оценки профессиональных рисков, приведены алгоритмы оценки рисков и выявления мер управления рисками. | ||
| 330 | |a The article provides an analysis of professional risks when performing work with a hand tool, which is relevant for almost any professional activity. The regulatory framework for professional risk assessment is highlighted, and algorithms for risk assessment and identification of risk management measures are presented. | ||
| 463 | 0 | |0 (RuTPU)RU\TPU\conf\34854 |t Инновационные технологии в машиностроении |o сборник трудов XII Международной научно-практической конференции, 27–29 мая 2021 г., Юрга |f Национальный исследовательский Томский политехнический университет (ТПУ), Юргинский технологический институт (ЮТИ) ; под ред. С. А. Солодского |v [С. 150-152] |d 2021 | |
| 610 | 1 | |a электронный ресурс | |
| 610 | 1 | |a труды учёных ТПУ | |
| 610 | 1 | |a профессиональные риски | |
| 610 | 1 | |a ручные инструменты | |
| 610 | 1 | |a источники опасностей | |
| 610 | 1 | |a оценка рисков | |
| 610 | 1 | |a управление рисками | |
| 610 | 1 | |a occupational risk | |
| 610 | 1 | |a hazard source | |
| 610 | 1 | |a risk assessment | |
| 610 | 1 | |a risk management measures | |
| 610 | 1 | |a manual tool | |
| 700 | 1 | |a Деменкова |b Л. Г. |c специалист в области естествознания |c старший преподаватель Юргинского технологического института (филиала) Томского политехнического университета |f 1964- |g Лариса Геннадьевна |2 stltpush |3 (RuTPU)RU\TPU\pers\24512 |9 10831 | |
| 701 | 1 | |a Кучумов |b В. О. | |
| 712 | 0 | 2 | |a Томский политехнический университет |b Юргинский технологический институт |c (2003-2009) |2 stltpush |3 (RuTPU)RU\TPU\col\12451 |9 25408 |
| 801 | 2 | |a RU |b 63413507 |c 20210701 |g RCR | |
| 856 | 4 | |u http://earchive.tpu.ru/handle/11683/67846 | |
| 942 | |c BK | ||